| 000 | 00380nam a2200145Ia 4500 | ||
|---|---|---|---|
| 008 | 231129s2002||||xx |||||||||||||| ||spa|| | ||
| 020 | _a958-42-0225-1 | ||
| 040 | _bspa | ||
| 082 | _a813 P994b | ||
| 100 | _aPuzo Mario | ||
| 245 | 0 | _aLos Borgia: la primera familia del crímen | |
| 260 | _c2002 | ||
| 264 | _aPlaneta | ||
| 942 |
_2ddc _cBKS |
||
| 999 |
_c19510 _d19510 |
||